000 00858cem a22002175a 4500
001 L140378
008 070920r19151663xxk a 0 f eng u
035 _a(Sirsi) u140378
041 0 _aeng
110 2 _aLondon Topographical Society
_9106
245 0 2 _aA Plan of the Manor of Ebury c. 1663-1670
_h[cartographic material]
250 _aFacsim.
255 _aScale not given
260 _aLondon
_bLondon Topographical Society
_c1915
300 _a1 map
_bcol.
_c76 x 51 cm. +
_e1 v. (4 p., 51 cm.)
500 _aItem is a facsimile of the original plan dating from 1663-1670.
500 _aItem is accompanied by a letterpress booklet containing the text of the plan, part of which appeared on the back of the original.
651 4 _aLondon
690 _aENVIRONMENTAL AND LAND CONSULTANCY-GEOMATICS-MAPPING AND POSITIONING-CARTOGRAPHY
942 _n0
999 _c116856
_d116856